[Event "RUS-ch51"]
[Site "St Petersburg"]
[Date "1998.07.30"]
[Round "3"]
[White "Voitsekhovsky, Stanislav"]
[Black "Landa, Konstantin"]
[Result "1-0"]
[WhiteElo "2545"]
[BlackElo "2520"]

1.e4 c5 2.Nf3 Nc6 3.d4 cxd4 4.Nxd4 Qc7 5.Nc3 e6 6.Be2 a6 7.O-O b5 8.Nxc6 dxc6
9.f4 Bb7 10.a4 Rd8 11.Qe1 Be7 12.Qg3 g6 13.b3 b4 14.Nd1 Nf6 15.Nf2 c5 16.Bb2 O-O
17.Be5 Qc8 18.Qh4 Nd5 19.Ng4 h5 20.Qh3 f6 21.exd5 hxg4 22.Qxg4 Kf7 23.dxe6+ Qxe6
24.f5 gxf5 25.Qh5+ Kg7 26.Qg5+ Kh7 27.Qh4+ Kg7 28.Qg3+ Kh8 29.Qh3+ Kg7 30.Rxf5 fxe5
31.Rg5+ Bxg5 32.Qxe6 Be3+ 33.Kh1 Bd4 34.Rf1 Bd5 35.Qe7+ Kg8 36.Qg5+ Kh8 37.Rf6 Bxg2+
38.Kxg2  1-0

[Event "Hans & Lenze"]
[Site "Lippstadt"]
[Date "1998.08.01"]
[Round "3"]
[White "Kindermann, Stefan"]
[Black "Wilhelmi, Christian"]
[Result "1/2-1/2"]
[WhiteElo "2565"]
[BlackElo "2445"]

1.e4 c5 2.Nf3 Nc6 3.d4 cxd4 4.Nxd4 Qc7 5.Nc3 e6 6.Be3 a6 7.Bd3 Nf6 8.O-O Ne5
9.h3 Bc5 10.Kh1 d6 11.f4 Ng6 12.Qd2 O-O 13.f5 Ne5 14.a3 Bd7 15.Be2 Nc6 16.Rad1 Rae8
17.fxe6 fxe6 18.Nb3 Bxe3 19.Qxe3 Bc8 20.Qg3 Ne5 21.Rd2 Qe7 22.Rfd1 Rd8 23.Nd4 b5
24.Qe3 Bb7 25.Nf3 Ng6 26.Nd4 Ne5 27.Nf3 Ng6  1/2-1/2

[Event "Budapest FS08 GM"]
[Site "Budapest"]
[Date "1998.08.04"]
[Round "4"]
[White "Karatorossian, David"]
[Black "Borge, Nikolaj"]
[Result "0-1"]
[WhiteElo "2375"]
[BlackElo "2390"]

1.e4 c5 2.Nf3 Nc6 3.d4 cxd4 4.Nxd4 Qc7 5.Nb5 Qb8 6.c4 Nf6 7.N1c3 a6 8.Na3 e6
9.Nc2 b5 10.f3 bxc4 11.Bxc4 Bd6 12.g3 h5 13.Qe2 Ne5 14.Be3 Qxb2 15.Na4 Nxf3+
16.Kf1 Qe5 17.Qxf3 Bb7 18.Qe2 Qxe4 19.Rg1 Ng4 20.Bd4 Qf5+ 21.Ke1 Qa5+ 22.Nc3 Ne5
23.Rf1 Rc8 24.Ne3 Bb4 25.Rc1 O-O 26.Kf2 Nf3 27.Qd3 d5 28.Bxd5 Bxd5 29.Ncxd5 Nxd4
30.Nxb4 Qxb4 31.Rb1 Qa4 32.Rb2 Rfd8 33.Qe4 Qa5 34.Qf4 Qc3 35.Rfb1 Nb5 36.Kg1 Qd4
37.Qf3 Rc3 38.Re2 Nd6 39.Rf1 Nf5 40.Rfe1 Rdc8 41.Kh1 Rxe3 42.Rxe3 Nxe3 43.Rxe3 Qa1+
44.Kg2 Qxa2+ 45.Kh3 Qd5 46.Qe2 Qf5+ 47.Kh4 g6 48.h3 Kh7 49.g4 Qf4 50.Rf3 Qc7
51.Qxa6 Qd8+  0-1

[Event "Budapest FS08 GM"]
[Site "Budapest"]
[Date "1998.08.06"]
[Round "6"]
[White "Borge, Nikolaj"]
[Black "Fogarasi, Tibor"]
[Result "1-0"]
[WhiteElo "2390"]
[BlackElo "2440"]

1.e4 c5 2.Nf3 Nc6 3.d4 cxd4 4.Nxd4 Qc7 5.Nc3 e6 6.g3 a6 7.Bg2 Nf6 8.O-O Bc5
9.Nxc6 dxc6 10.Na4 Ba7 11.c4 Nd7 12.b4 a5 13.Bb2 e5 14.a3 O-O 15.Qd2 axb4
16.axb4 Rb8 17.b5 Re8 18.Qb4 Bd4 19.Bxd4 exd4 20.b6 Qd8 21.c5 Ne5 22.Rad1 d3
23.Nb2 Ra8 24.f4 Bg4 25.fxe5 Bxd1 26.Rxd1 Qg5 27.Qe1 Qxe5 28.Nxd3 Qd4+ 29.Qf2 Qc4
30.Nf4 Red8 31.Re1 Ra2 32.Qe3 Rc2 33.e5 Qxc5 34.Qxc5 Rxc5 35.e6 fxe6 36.Rxe6 Rc2
37.h4 Rd4 38.Kh2 Kf7 39.Kh3 g6 40.Re3 Rdd2 41.Be4 Rb2 42.Bd3 Rb4 43.Ne6 Rxb6
44.Ng5+ Kg7 45.Rf3 Rbb2 46.Ne6+ Kh6 47.Rf7 Rxd3 48.Nf8 Rxg3+ 49.Kxg3 Rb3+
50.Kf4 Rb4+ 51.Kf3 Rb3+ 52.Ke2 Kh5 53.Rxh7+ Kg4 54.Nxg6 Rh3 55.Ne5+ Kf5 56.Nf3 b5
57.Ke3 b4 58.Rh6 b3 59.Rxc6 Rh1 60.Rb6 Rb1 61.Kf2 Kg4 62.Rb4+ Kh5 63.Rb5+ Kg4
64.Ke3 b2 65.Rg5+ Kh3 66.Kf4 Rg1 67.Rxg1 b1=Q 68.Rg3+  1-0

[Event "Budapest FS08 GM"]
[Site "Budapest"]
[Date "1998.08.08"]
[Round "8"]
[White "Karatorossian, David"]
[Black "Soffer, Ram"]
[Result "1/2-1/2"]
[WhiteElo "2395"]
[BlackElo "2520"]

1.e4 c5 2.Nf3 Nc6 3.d4 cxd4 4.Nxd4 Qc7 5.Nb5 Qb8 6.c4 Nf6 7.N5c3 e6 8.Be3 b6
9.Qd2 Bc5 10.Bf4 Ne5 11.Be2 Bb7 12.f3 O-O 13.Na4 Be7 14.Nbc3 Rd8 15.O-O-O Bc6
16.Kb1 d6 17.Qe3 Qb7 18.Rd2 Rab8 19.Rhd1 Bxa4 20.Nxa4 Qc6  1/2-1/2

[Event "Budapest FS08 IM-B"]
[Site "Budapest"]
[Date "1998.08.10"]
[Round "10"]
[White "Ganguly, Surya Shekhar"]
[Black "Kerek, Krisztian"]
[Result "1-0"]
[WhiteElo "2300"]
[BlackElo "2370"]

1.e4 c5 2.Nf3 Nc6 3.d4 cxd4 4.Nxd4 Qc7 5.Nc3 e6 6.Be3 a6 7.Bd3 Nf6 8.O-O Bd6
9.Kh1 Bf4 10.Bxf4 Qxf4 11.Nce2 Qc7 12.f4 d6 13.Qd2 O-O 14.c4 Nxd4 15.Nxd4 e5
16.Ne2 exf4 17.Rxf4 Ng4 18.Nd4 Ne5 19.Rff1 Be6 20.b3 Qc5 21.Be2 Rfe8 22.Rad1 Rad8
23.Qf4 Ng6 24.Nxe6 fxe6 25.Qf7+ Kh8 26.Qxb7 Qe3 27.Bh5 Rf8 28.Bxg6 hxg6 29.Qe7 Rfe8
30.Qf7 Qe2 31.Rde1 Qd2 32.Qxg6 e5 33.Qh5+ Qh6 34.Qxh6+ gxh6 35.g3 Kg7 36.Rd1 Re7
37.Kg2 a5 38.Rd3 a4 39.c5 Rc7 40.cxd6 Rc6 41.d7 Rc7 42.Rfd1  1-0

[Event "Wch (Women) U26"]
[Site "Rotterdam"]
[Date "1998.08.14"]
[Round "4"]
[White "Wang Pin"]
[Black "Botsari Miladinovic, Anna Maria"]
[Result "1/2-1/2"]
[WhiteElo "2450"]
[BlackElo "2300"]

1.e4 c5 2.Nf3 Nc6 3.d4 cxd4 4.Nxd4 Qc7 5.Nc3 e6 6.Be2 a6 7.Be3 Nf6 8.O-O Bb4
9.Na4 Be7 10.Nxc6 bxc6 11.Nb6 Rb8 12.Nxc8 Qxc8 13.e5 Nd5 14.Bc1 Bc5 15.c4 Ne7
16.b3 Qc7 17.Bb2 d6 18.Bh5 dxe5 19.Re1 Bd4 20.Bxd4 exd4 21.Qxd4 O-O 22.Qe5 Qa7
23.Bf3 c5 24.Be4 Ng6 25.Bxg6 hxg6 26.Rad1 Rfd8 27.Rd6 Rxd6 28.Qxd6 a5 29.Rd1 a4
30.bxa4 Rc8 31.Rd2 Qxa4 32.Qd3 Rb8 33.h3 Qb4 34.Kh2 Ra8  1/2-1/2

[Event "Wch (Women) U26"]
[Site "Rotterdam"]
[Date "1998.08.19"]
[Round "8"]
[White "Grabics, Monika"]
[Black "Botsari Miladinovic, Anna Maria"]
[Result "0-1"]
[WhiteElo "2355"]
[BlackElo "2300"]

1.e4 c5 2.Nf3 Nc6 3.d4 cxd4 4.Nxd4 Qc7 5.Nc3 e6 6.f4 a6 7.Nxc6 Qxc6 8.Bd3 b5
9.Qe2 Bb7 10.a3 Be7 11.Bd2 h5 12.O-O-O Nf6 13.Rhe1 Rc8 14.Kb1 Qb6 15.e5 Nd5
16.Nxd5 Bxd5 17.Be4 Bxe4 18.Qxe4 a5 19.Re3 Qa6 20.Rd3 Rc4 21.Qf3 b4 22.a4 Qc8
23.Rc1 g6 24.b3 Rc6 25.Qe4 h4 26.g4 hxg3 27.hxg3 Qc7 28.g4 Rh4 29.Qg2 d6
30.Be1 Rh8 31.exd6 Rxd6 32.Rcd1 Rxd3 33.Rxd3 Kf8 34.Qd2 Rh1 35.g5 Kg8 36.Kb2 Bf8
37.Bf2 Rh2 38.Ka2 Bg7 39.Rd8+ Kh7 40.Rd3 Bc3 41.Bb6 Rxd2 42.Bxc7 Rxc2+ 43.Kb1 Rb2+
44.Kc1 Rxb3 45.Bxa5 Ra3 46.Rd7 Kg7 47.Bd8 Rxa4 48.Rc7 Ra1+ 49.Kc2 Rf1 50.Rc4 Rf3
51.Kb1 Kh7 52.Ba5 Bd2 53.Bc7 Rc3 54.Rxc3 Bxc3 55.Kc2 Kg7 56.Bd6 f6 57.Be7 fxg5
58.Bxg5 Bf6  0-1

[Event "Dresden op"]
[Site "Dresden"]
[Date "1998.08.21"]
[Round "6"]
[White "Socko, Bartosz"]
[Black "Teske, Henrik"]
[Result "1/2-1/2"]
[WhiteElo "2475"]
[BlackElo "2510"]

1.e4 c5 2.Nf3 Nc6 3.d4 cxd4 4.Nxd4 Qc7 5.Nc3 e6 6.Be3 a6 7.Bd3 Nf6 8.O-O b5
9.Nxc6 Qxc6 10.f3 Bc5 11.Qe1 Bb7 12.Kh1 Bxe3 13.Qxe3 d6 14.a4 b4 15.Na2 Qc5
16.Qxc5 dxc5 17.Nc1 Rc8 18.Bc4 Nd7 19.Nb3 Ne5 20.Be2 c4 21.Na5 Ba8 22.b3 Ke7
23.Nxc4 Nxc4 24.Bxc4 a5 25.Rfd1 Rc5 26.Kg1 Bb7 27.Rd3 Ra8 28.Rc1 Bc6 29.Ra1 Bb7
30.c3 bxc3 31.Rc1 c2 32.Rd2 g5 33.Kf2 g4 34.Rdxc2 Rac8 35.Ke3 gxf3 36.gxf3 e5
37.Kd3 f5 38.exf5 Bxf3 39.Ke3 Bd5 40.Kd2 Kf6 41.Bxd5 Rxd5+ 42.Ke3 Rxc2 43.Rxc2 Kxf5
44.Rc7 h5 45.Rh7 Kg4 46.Rb7 Kf5 47.Rh7 Kg4 48.Rb7  1/2-1/2

[Event "CRO-chT"]
[Site "Porec"]
[Date "1998.09.06"]
[Round "2"]
[White "Medvegy, Nora"]
[Black "Cosma, Elena Luminita"]
[Result "1-0"]
[WhiteElo "2325"]
[BlackElo "2360"]

1.e4 c5 2.Nf3 Nc6 3.d4 cxd4 4.Nxd4 Qc7 5.Nc3 e6 6.Be3 a6 7.Bd3 Nf6 8.O-O Ne5
9.Be2 b5 10.f4 Nc4 11.Bxc4 Qxc4 12.e5 Nd5 13.Nxd5 Qxd5 14.Qe2 Bb7 15.a3 Bc5
16.Rad1 Qe4 17.Qf2 Rc8 18.Rd2 O-O 19.Re1 Rfe8 20.Nxb5 axb5 21.Bxc5 Qxg2+
22.Qxg2 Bxg2 23.Kxg2 Rxc5 24.c3 Re7 25.Red1 g5 26.Kf3 gxf4 27.Kxf4 f6 28.exf6 Rf7
29.Rxd7 Rxf6+ 30.Ke4 Rff5 31.R1d4 Rce5+ 32.Kd3 Rf2 33.Rb7 Rf3+ 34.Kc2 Rh5
35.Rd2 Rff5 36.Kb3 Rh4 37.Rg2+ Kf8 38.Rd2 Kg8 39.Rd8+ Rf8 40.Rxf8+ Kxf8 41.Rxb5 Ke7
42.a4 Rxh2 43.a5 Rh1 44.Kb4 Kd7 45.Rb7+ Kc6 46.Rb6+ Kd7 47.a6 Kc7 48.Rxe6 Rb1
49.b3 Kb8 50.Re7  1-0

[Event "Elista ol (Men)"]
[Site "Elista"]
[Date "1998.09.29"]
[Round "1"]
[White "Wong Zi Jing"]
[Black "Fominyh, Alexander"]
[Result "0-1"]
[WhiteElo "2120"]
[BlackElo "2530"]

1.e4 c5 2.Nf3 Nc6 3.d4 cxd4 4.Nxd4 Qc7 5.Nc3 e6 6.Be2 a6 7.O-O Bc5 8.Nb3 Be7
9.Be3 Nf6 10.f4 O-O 11.Bf3 Rd8 12.e5 Ne8 13.Na4 d6 14.Bb6 Qb8 15.Bxd8 Bxd8
16.exd6 Nxd6 17.Nac5 Qc7 18.Qd3 Be7 19.Rad1 a5 20.Ne4 Nf5 21.Kh1 a4 22.Nc1 Nb4
23.Qb5 Kf8 24.c3 Nd5 25.Rd2 Nde3 26.Re1 Nc4 27.Be2 Nxd2 28.Nxd2 Qxf4 29.Nf3 Qc7
30.Bd1 Bd7 31.Qd3 Bc6 32.Kg1 Rd8 33.Qc2  0-1

[Event "Elista ol (Men)"]
[Site "Elista"]
[Date "1998.10.01"]
[Round "3"]
[White "Mannion, Stephen R"]
[Black "Krylov, Sergey"]
[Result "1/2-1/2"]
[WhiteElo "2370"]
[BlackElo "2325"]

1.e4 c5 2.Nf3 Nc6 3.d4 cxd4 4.Nxd4 Qb6 5.Nb3 Nf6 6.Nc3 e6 7.Be3 Qc7 8.f4 d6
9.Bd3 a6 10.a4 b6 11.O-O Be7 12.Qe2 O-O 13.g4 Nd7 14.g5 Re8 15.f5 Nde5 16.f6 Bf8
17.Rf4 g6 18.Rh4 Nb4 19.Rc1 Bb7 20.Qf1 h5 21.gxh6 Kh7 22.Nd4 d5 23.exd5 exd5
24.Bf2 Bc5 25.Be2 Rad8 26.Qg2 Rd6 27.Rf4 Qd8 28.Qg5 Nc4 29.b3 Ne3 30.Bd3 Nxd3
31.cxd3 Bxd4 32.Rxd4 Nf5 33.Rf4 Qxf6 34.h4 Rc8 35.Qxf6 Rxf6 36.Ne2 Rxc1+
37.Nxc1 b5 38.axb5 axb5 39.Ne2 Ra6 40.Nd4 Ra1+ 41.Kh2 Nxh6 42.Nxb5 Ba6 43.Nc7 Bxd3
44.Nxd5 f5 45.Ra4 Ng4+ 46.Kg3 Rxa4 47.bxa4 Nxf2 48.Kxf2 Kh6 49.Nf4 Bc2 50.a5 g5
51.hxg5+ Kxg5 52.Ne6+ Kf6 53.Nc5 Bb1 54.Ke3 Ke5 55.a6 Ba2 56.Nd3+ Kd6 57.Nb4 Bb1
58.Kd4 Be4 59.a7 Kc7 60.Nd5+ Bxd5  1/2-1/2

[Event "Elista ol (Men)"]
[Site "Elista"]
[Date "1998.10.02"]
[Round "4"]
[White "Agopov, Mikael"]
[Black "Oral, Tomas"]
[Result "1/2-1/2"]
[WhiteElo "2350"]
[BlackElo "2510"]

1.e4 c5 2.Nf3 Nc6 3.d4 cxd4 4.Nxd4 Qc7 5.Nc3 e6 6.g3 a6 7.Bg2 d6 8.O-O Bd7
9.Be3 Nf6 10.Qe2 Be7 11.f4 O-O 12.a4 Rfe8 13.Rad1 Rac8 14.Nb3 Nb4 15.Rd4 d5
16.e5 Ne4 17.Nxe4 dxe4 18.Bxe4 Bxa4 19.f5 Bxb3 20.cxb3 Qxe5 21.fxe6 fxe6
22.Bf2 Nc6 23.Rd7 Bc5 24.Bxc5 Qxc5+ 25.Qf2 Qe5 26.Bb1 Ne7 27.Re1 Qb5 28.Qd4 Qxb3
29.Qe4 Qb6+ 30.Kg2 Qc6 31.Rxb7 Rb8 32.Qxc6 Nxc6 33.Rxb8 Rxb8 34.Rxe6 Nd4
35.Rd6 Rxb2+ 36.Kh3 Nf3 37.Bf5 g6 38.Be6+ Kg7 39.Rxa6 Ng5+ 40.Kh4 Kh6 41.Ra2 Nf3+
42.Kg4 Nxh2+ 43.Kh3 Rxa2 44.Bxa2 Nf1 45.Kg4 Kg7 46.Be6 Kf6 47.Bc8 Ne3+ 48.Kf4 Nd5+
49.Kg4 h6 50.Bb7 Ke5 51.Bc8 Nf6+ 52.Kf3 Nd5 53.Kg4 Kd4 54.Kf3 Ke5 55.Kg4 Nf6+
56.Kf3 g5 57.Bb7 Kd4 58.Bc8 h5 59.Be6 Nd5 60.Bf7 g4+ 61.Kf2 Nf6 62.Bg6 Ne4+
63.Kg2 Nxg3  1/2-1/2

[Event "Budapest FS10 GM"]
[Site "Budapest"]
[Date "1998.10.04"]
[Round "2"]
[White "Borocz, Istvan"]
[Black "Lazarev, Vladimir"]
[Result "1/2-1/2"]
[WhiteElo "2360"]
[BlackElo "2450"]

1.e4 c5 2.Nf3 Nc6 3.d4 cxd4 4.Nxd4 Qc7 5.Nc3 e6 6.Be2 a6 7.O-O Nf6 8.Be3 d6
9.f4 Be7 10.Qe1 O-O 11.Qg3 Nxd4 12.Bxd4 b5 13.a3 Bb7 14.Rae1 Bc6 15.Kh1 Qb7
16.Bd3 b4 17.Nd1 bxa3 18.bxa3 Rad8 19.Nf2 Nh5 20.Qg4 g6 21.f5 exf5 22.exf5 Bf6
23.Bxf6 Nxf6 24.Qg5 Kg7 25.Rb1 Qa8 26.Rb4 Rde8 27.Rh4 Re5 28.Kg1 Qa7 29.Qh6+ Kg8
30.fxg6 fxg6 31.Bxg6 hxg6 32.Qh8+ Kf7 33.Rh7+ Ke6 34.Qxf6+ Rxf6 35.Rxa7 Bb5
36.Nd3 Rxf1+ 37.Kxf1 Bxd3+ 38.cxd3 Ra5 39.Kf2 Rxa3 40.h3 a5 41.Ke3 Ra2 42.g4  1/2-1/2

[Event "Elista ol (Men)"]
[Site "Elista"]
[Date "1998.10.07"]
[Round "9"]
[White "Daly, Colin"]
[Black "Damljanovic, Branko"]
[Result "1/2-1/2"]
[WhiteElo "2295"]
[BlackElo "2555"]

1.e4 c5 2.Nf3 Nc6 3.d4 cxd4 4.Nxd4 Qc7 5.Nc3 e6 6.Nxc6 dxc6 7.Bd3 Nf6 8.O-O e5
9.Qe2 Bc5 10.Nd1 Bg4 11.Qe1 Be6 12.a4 Rd8 13.Be3 Bd4 14.Qe2 O-O 15.Bg5 Bg4
16.Qe1 Qe7 17.c3 Bb6 18.Ne3 Be6 19.Qe2 h6 20.Bh4 Rd7 21.a5 Bc7 22.Rfd1 Rfd8
23.Bc2 Rxd1+ 24.Nxd1 g5 25.Bg3 Qc5 26.Ne3 a6 27.Qe1 Qe7 28.Qe2 Rd7 29.b4 Qd8
30.Nc4 Kg7 31.Rc1 Qb8 32.h3 Ng8 33.f3 Ne7 34.Bf2 Ng6 35.Nb6 Nf4 36.Qe1 Bxb6
37.Bxb6 Bc4 38.Rd1 Rxd1 39.Bxd1 Qd6 40.Bc2 Ne2+ 41.Kh2 h5 42.Be3 f6 43.h4 Kg6
44.g3 gxh4 45.gxh4 Kf7 46.Qd2 Qxd2 47.Bxd2 Ke7 48.Bd1 Kd6 49.Bxe2 Bxe2 50.Kg3 c5
51.Bh6 c4 52.Kf2 Bd1 53.Bf8+ Ke6 54.Ke3 f5 55.exf5+ Kxf5 56.Be7 Ba4 57.Bg5 Bc6
58.Bd8 Bd5 59.Bg5 Bc6 60.Bd8 Bd5  1/2-1/2

[Event "Elista ol (Men)"]
[Site "Elista"]
[Date "1998.10.09"]
[Round "10"]
[White "Salmensuu, Olli"]
[Black "Abdulla, A."]
[Result "1/2-1/2"]
[WhiteElo "2420"]
[BlackElo "2290"]

1.e4 c5 2.Nf3 Nc6 3.d4 cxd4 4.Nxd4 Qc7 5.Nc3 e6 6.Be3 a6 7.Be2 Nf6 8.a3 Be7
9.O-O O-O 10.f4 d6 11.Kh1 Re8 12.Qd3 Bd7 13.Rad1 Rac8 14.Bf3 Bf8 15.Nb3 Red8
16.Qe2 b5 17.Qf2 Rb8 18.g4 b4 19.g5 Ng4 20.Bxg4 bxc3 21.bxc3 Na5 22.Nd4 Nc4
23.f5 e5 24.Nb3 Nxa3 25.Rd3 Bb5 26.g6 Bxd3 27.cxd3 Rxb3 28.Qh4 h6 29.gxf7+ Kxf7
30.f6 Rb1 31.Bc1 g6 32.Qh3 Kg8 33.Be6+ Kh8 34.Ba2 Rxc1 35.Rxc1 Nb5 36.Qe6 Qh7
37.Rb1 h5 38.h4 Bh6 39.f7 Qg7 40.Rg1 Kh7 41.Qe8 Qf8 42.Qe6 Qg7 43.Qe8 d5
44.Qxd8 Qxf7 45.Kg2 Qe6 46.Kf2 Qf7+ 47.Kg2 Qe6 48.Kf2 Qf7+ 49.Kg2  1/2-1/2

[Event "Elista ol (Men)"]
[Site "Elista"]
[Date "1998.10.09"]
[Round "10"]
[White "Hernandez, Gilberto"]
[Black "Miladinovic, Igor"]
[Result "1/2-1/2"]
[WhiteElo "2520"]
[BlackElo "2555"]

1.e4 c5 2.Nf3 Nc6 3.d4 cxd4 4.Nxd4 Qc7 5.Nc3 e6 6.g3 a6 7.Bg2 Nf6 8.O-O Bc5
9.Nxc6 dxc6 10.Na4 Ba7 11.c4 Nd7 12.e5 b5 13.Nc3 bxc4 14.Qg4 O-O 15.Bh6 Qxe5
16.Bxc6 Rb8 17.Bf4 Qc5 18.Bxb8 Bxb8 19.Bg2 Nf6 20.Qe2 h5 21.Rac1 a5 22.Ne4 Nxe4
23.Qxe4 Ba6 24.Rfd1 Be5 25.Rc2 Bf6 26.Qc6 Qxc6 27.Bxc6 Rb8 28.Bf3 g6 29.Rdd2 a4
30.Rd6 Bb5 31.a3 c3 32.bxc3 Bc4 33.Rc1 Be7 34.Rd4 Bb3 35.Bd1 Bxa3 36.Rb1 Kg7
37.Rd3 Bc5 38.Rd2 Ba3 39.h4 e5 40.Rd3 Bc5 41.Rd2 Ba3 42.Ra2 Bc1 43.Raa1 Bd2
44.Ra3 Bxc3 45.Bxb3 axb3 46.Raxb3 Rxb3 47.Rxb3 Bd4 48.Kg2 f5  1/2-1/2

[Event "Elista ol (Men)"]
[Site "Elista"]
[Date "1998.10.11"]
[Round "12"]
[White "Imanaliev, Taalaibek"]
[Black "Kurajica, Bojan"]
[Result "0-1"]
[WhiteElo "2415"]
[BlackElo "2570"]

1.e4 c5 2.Nf3 Nc6 3.d4 cxd4 4.Nxd4 Qb6 5.Nb3 Nf6 6.Nc3 e6 7.a3 Qc7 8.Be2 a6
9.O-O Be7 10.f4 d6 11.Be3 O-O 12.Qe1 b5 13.Qg3 b4 14.axb4 Nxb4 15.Nd4 e5
16.fxe5 dxe5 17.Nb1 Qd8 18.Bc1 Nc6 19.Nf3 Qd4+ 20.Be3 Qc3 21.Nxc3 Nb4 22.Nb1 Nc6
23.Nc3 Nb4 24.Nb1 Nc6 25.Nc3 Nb4 26.Nd4 Ne8 27.Rac1 Bf5 28.Rxf5 Bc5 29.Nd5 Nxd5
30.exd5 Nd6 31.Rff1 Ne4 32.Qf3 Nd2 33.Qf2 Nxf1 34.Bxf1 Rab8  0-1

[Event "Budapest FS10 GM"]
[Site "Budapest"]
[Date "1998.10.14"]
[Round "12"]
[White "Fogarasi, Tibor"]
[Black "Lazarev, Vladimir"]
[Result "1/2-1/2"]
[WhiteElo "2425"]
[BlackElo "2450"]

1.e4 c5 2.Nf3 Nc6 3.d4 cxd4 4.Nxd4 Qc7 5.Nc3 e6 6.Be3 a6 7.Bd3 Nf6 8.O-O Ne5
9.h3 Bc5 10.Kh1 d6 11.f4 Ng6 12.Qf3 O-O 13.f5 Ne5 14.Qg3 b5 15.Nce2 exf5  1/2-1/2

[Event "Vienna op 13th"]
[Site "Vienna"]
[Date "1998.10.28"]
[Round "4"]
[White "Balinov, Ilija"]
[Black "Golod, Vitali"]
[Result "0-1"]
[WhiteElo "2450"]
[BlackElo "2555"]

1.e4 c5 2.Nf3 Nc6 3.d4 cxd4 4.Nxd4 Qb6 5.Nb3 Nf6 6.Nc3 e6 7.Qe2 Bb4 8.Bd2 O-O
9.a3 Be7 10.g4 d5 11.g5 Nxe4 12.Nxe4 dxe4 13.Qxe4 e5 14.Be3 Qc7 15.Bd3 g6
16.O-O-O Bf5 17.Qh4 Bxd3 18.Rxd3 Rfd8 19.Rc3 Rd5 20.Qg4 Rad8 21.h4 Qd7 22.Qxd7 R8xd7
23.Nc5 Nd4 24.Nxd7 Ne2+ 25.Kb1 Nxc3+ 26.bxc3 Rxd7 27.Bxa7 Bxa3 28.Re1 Bd6
29.Bb6 f6 30.gxf6 Kf7 31.Re4 Kxf6 32.Be3 Kf5 33.Ra4 Be7 34.c4 Bxh4 35.c5 Bg5
36.Bxg5 Kxg5 37.Ra7 h5 38.Kc1 Rc7 39.Kd2 Rf7 40.Ke3 Kf6 41.c6 bxc6 42.Ra6 Rc7
43.Ke4 h4 44.f4 h3 45.fxe5+ Ke6 46.Kf3 Rh7 47.Rxc6+ Kxe5  0-1

[Event "Wch U18"]
[Site "Oropesa del Mar"]
[Date "1998.10.29"]
[Round "4"]
[White "Fedorchuk, Sergey A"]
[Black "Halkias, Stelios"]
[Result "1-0"]
[WhiteElo "2415"]
[BlackElo "2435"]

1.e4 c5 2.Nf3 Nc6 3.d4 cxd4 4.Nxd4 Qc7 5.Nc3 e6 6.Be2 a6 7.f4 b5 8.Nxc6 Qxc6
9.Bf3 Bb7 10.Be3 Rc8 11.Bd4 b4 12.e5 Qc7 13.Ne4 Bxe4 14.Bxe4 f5 15.Bf3 Nh6
16.Qd3 Bc5 17.Bxc5 Qxc5 18.O-O-O Qe7 19.h3 O-O 20.Rd2 Nf7 21.Rhd1 a5 22.Qb3  1-0

[Event "Chigorin mem"]
[Site "St. Petersburg"]
[Date "1998.11.07"]
[Round "7"]
[White "Chupin, Vitalij"]
[Black "Ignatiev, Alexander"]
[Result "0-1"]
[WhiteElo "2145"]
[BlackElo "2285"]

1.e4 c5 2.Nf3 Nc6 3.d4 cxd4 4.Nxd4 Qb6 5.Nb3 Nf6 6.Nc3 e6 7.a3 Be7 8.Be2 O-O
9.O-O a6 10.Be3 Qc7 11.f4 d6 12.Kh1 b5 13.Bf3 Bb7 14.Qe2 Rac8 15.Rad1 Qb8
16.Rd2 b4 17.axb4 Nxb4 18.Na5 Ba8 19.Nc4 d5 20.exd5 Nfxd5 21.Bxd5 Bxd5 22.Nb6 Rc6
23.Nbxd5 Nxd5 24.Nxd5 exd5 25.c3 Re8 26.Qd3 Bf8 27.Bd4 Rce6 28.Qg3 Qb5 29.Rfd1 Re2
30.Kg1 Qa4 31.Qd3 Re1+ 32.Kf2 R1e4 33.g3 Bd6 34.b4 Qd7 35.Qf3 Qh3 36.Rh1 h5
37.Rg1 Bxf4 38.Ra2 Qxh2+ 39.Rg2 Bxg3+ 40.Qxg3  0-1

[Event "SLO-chT"]
[Site "Bled"]
[Date "1998.11.09"]
[Round "3"]
[White "Roskar, Robert"]
[Black "Kragelj, Igor"]
[Result "1/2-1/2"]
[WhiteElo "2270"]
[BlackElo "2280"]

1.e4 c5 2.Nf3 Nc6 3.d4 cxd4 4.Nxd4 Qc7 5.Nc3 e6 6.Be2 a6 7.O-O Nf6 8.Be3 Be7
9.f4 d6 10.a4 O-O 11.Nb3 b6 12.Bf3 Bb7 13.Qe1 Rfe8 14.Rd1 Rad8 15.Kh1 Nd7
16.Qg3 Bf6 17.Rd2 Nc5 18.Nxc5 bxc5 19.Ne2 Na5 20.b3 d5 21.e5 Be7 22.Rdd1 Rd7
23.Qg4 Kh8 24.Ng3 Nc6 25.Nh5 Rg8 26.Be2 Qd8 27.Bd3 g6 28.Nf6 Bxf6 29.exf6 d4
30.Bf2 Qxf6 31.Bh4 Qg7 32.Qg5 f5 33.Bc4 h6 34.Qf6 g5 35.fxg5 Qxf6 36.gxf6 Ne5
37.Bg3 Nxc4 38.bxc4 Be4 39.Rf2 Kh7 40.Rb1 d3 41.cxd3 Rxd3 42.Rc1 Kg6 43.Be5 Rgd8
44.Kg1 Rd1+ 45.Rxd1 Rxd1+ 46.Rf1 Rxf1+ 47.Kxf1 Bd3+ 48.Kf2 Bxc4 49.a5  1/2-1/2

[Event "SLO-chT"]
[Site "Bled"]
[Date "1998.11.12"]
[Round "6"]
[White "Kozamernik, Janez"]
[Black "Kragelj, Igor"]
[Result "1-0"]
[WhiteElo "2095"]
[BlackElo "2280"]

1.e4 c5 2.Nf3 Nc6 3.d4 cxd4 4.Nxd4 Qc7 5.c4 Nf6 6.Nc3 Nxe4 7.Ndb5 Qa5 8.Bd3 Nxc3
9.Nxc3 g6 10.O-O Bg7 11.Bd2 O-O 12.a3 d6 13.b4 Qd8 14.Rc1 Be6 15.Nd5 Ne5
16.Be2 Qd7 17.Bc3 Nc6 18.Qd2 Rac8 19.Bxg7 Kxg7 20.h4 f6 21.Rfe1 Rf7 22.Qe3 b6
23.Nf4 Bf5 24.f3 e5 25.Nd5 Nd4 26.Qf2 Be6 27.Ne3 a5 28.Bd3 axb4 29.axb4 Qa4
30.Qb2 Qc6 31.Nc2 Nf5 32.h5 g5 33.Bxf5 Bxf5 34.Ne3 Be6 35.h6+ Kxh6 36.Kf2 Kg7
37.Rh1 f5 38.c5 Ra8 39.cxd6 Qxd6 40.Rhd1 Qb8 41.Nd5 Rd7 42.Nc7 Kf7 43.Rxd7+ Bxd7
44.Nxa8 Qxa8 45.Qxe5 Qa2+ 46.Kg1 Qe6 47.Qd4 b5 48.Rd1 Be8 49.Kf2 h6 50.Re1 Qc6
51.Qe5 Bd7 52.Qh8 Qd6 53.Qc3 Bc6 54.Re2 Bd7 55.Rd2 Qxb4  1-0

[Event "BL2-W9899"]
[Site "Germany"]
[Date "1998.11.22"]
[Round "2.3"]
[White "Van den Doel, Erik"]
[Black "Riemersma, Liafbern"]
[Result "1-0"]
[WhiteElo "2485"]
[BlackElo "2455"]

1.e4 c5 2.Nf3 Nc6 3.d4 cxd4 4.Nxd4 Qc7 5.Nc3 e6 6.Be3 a6 7.Bd3 Nf6 8.O-O Ne5
9.h3 Bc5 10.Na4 Ba7 11.c4 d6 12.Rc1 Bd7 13.Nc3 O-O 14.b3 Nxd3 15.Qxd3 Qa5
16.b4 Qxb4 17.Rb1 Qa5 18.Rxb7 Bxd4 19.Bxd4 Bc6 20.Bxf6 gxf6 21.Rb3 Qc5 22.Rd1 Rfc8
23.Qg3+ Kf8 24.Rxd6 Qxc4 25.Rd3 Qc5 26.Qf4 Qe5 27.Qh6+ Ke7 28.Qc1 Qc5 29.Qb2 Ra7
30.Ne2 Rd7 31.Nd4 Bb5 32.Rbc3 Bc4 33.Nb3 Qe5 34.Rxd7+ Kxd7 35.Qc1 Bxb3 36.Rxc8 Ba4
37.Rc4 Bb5 38.Qd2+ Ke7 39.Rc8 Bd7 40.Qb4+  1-0

[Event "BL2-S9899"]
[Site "Germany"]
[Date "1998.11.22"]
[Round "2.3"]
[White "Schmidt, Georg"]
[Black "Teske, Henrik"]
[Result "0-1"]
[WhiteElo "2235"]
[BlackElo "2475"]

1.e4 c5 2.Nf3 Nc6 3.d4 cxd4 4.Nxd4 Qc7 5.Nc3 e6 6.Be2 Nf6 7.O-O a6 8.Kh1 Bb4
9.f3 b5 10.Nxc6 dxc6 11.Be3 O-O 12.Qe1 Be7 13.Rd1 e5 14.g4 Be6 15.Qg3 Rad8
16.Qf2 Rxd1 17.Rxd1 Rd8 18.Rxd8+ Qxd8 19.a3 Nd7 20.Qe1 Bg5 21.Qd2 Bxe3 22.Qxe3 Qh4
23.Kg2 h5 24.h3 Nf8 25.Bd3 Ng6 26.Ne2 Qe1 27.Qf2 Qd2 28.Kf1 Kh7 29.Qe1 Qg5
30.Qf2 Nh4 31.b4 Kh6 32.Qg3 Ng6 33.Qe1 Qe3 34.Qf2 Qd2 35.Qe1 Qxe1+ 36.Kxe1 Kg5
37.Kf2 Nf4 38.Nxf4 Kxf4 39.c3 Bb3 40.Be2 h4 41.Bf1 g6 42.Bg2 Be6 43.Bf1 Ba2
44.Bg2 Bc4 45.Bh1 Ba2 46.Bg2 Bb3 47.Bh1 Bc2 48.Bg2 Bd3 49.Bh1 Kg5 50.Bg2 Kf6
51.Ke3 Bc4 52.Kd2 Ba2 53.Bf1 Bb3 54.Ke3 Kg5 55.Bg2 Bc4 56.Kf2 Kf6 57.Ke3 c5
58.Kd2 Ke6 59.Ke3 Kd6 60.Kf2 Bd3 61.Ke3 c4 62.g5 f6 63.gxf6 Ke6 64.Kf2 Kxf6
65.Ke3 Kg5 66.Kf2 Kf4 67.Bh1 Bb1 68.Bg2 Bc2 69.Bh1 Bd3 70.Bg2 Bb1 71.Bh1 Ba2
72.Bg2 Bb3 73.Bh1 Bd1 74.Bg2 Bc2 75.Bh1 Bd3 76.Bg2 g5 77.Bh1 Bb1 78.Bg2 Bd3
79.Bh1 Bf1 80.Kxf1 Ke3 81.Ke1 Kd3 82.Kd1 Kxc3 83.Bg2 Kb2 84.Bf1 Kxa3 85.Kc2 Kxb4
86.Be2 a5 87.Kb2 Kc5 88.Kc3 b4+ 89.Kb2 a4 90.Kc2 a3 91.Bf1 b3+  0-1

[Event "SVK-chT2A 9899"]
[Site "SVK"]
[Date "1998.12.05"]
[Round "5"]
[White "Federic, Pavol"]
[Black "Petrakovic, Kamil"]
[Result "1-0"]
[WhiteElo "1930"]
[BlackElo "1789"]

1.e4 c5 2.Nf3 Nc6 3.d4 cxd4 4.Nxd4 Qb6 5.c3 Nf6 6.Qd3 Nxd4 7.cxd4 e6 8.Nc3 Be7
9.Be2 O-O 10.O-O Qd8 11.Qg3 d5 12.e5 Ne8 13.Be3 Bh4 14.Qh3 f5 15.g3 Bg5 16.f4 Be7
17.g4 g6 18.gxf5 gxf5 19.Kh1 Ng7 20.Rg1 Kh8 21.Qh6 Rf7 22.Rg3 Bd7 23.Rh3 Ne8
24.Qh5 Kg8 25.Rg1+ Kf8 26.Rhg3 Rg7 27.Rxg7 Nxg7 28.Qxh7  1-0

[Event "GRE-ch 48th"]
[Site "Athens"]
[Date "1998.12.08"]
[Round "1"]
[White "Markidis, Konstantinos"]
[Black "Halkias, Stelios"]
[Result "1-0"]
[WhiteElo "2295"]
[BlackElo "2435"]

1.e4 c5 2.Nf3 Nc6 3.d4 cxd4 4.Nxd4 Qc7 5.Nc3 e6 6.g3 a6 7.Bg2 Nge7 8.O-O Nxd4
9.Qxd4 Nc6 10.Qd1 Be7 11.f4 O-O 12.Kh1 f6 13.Re1 Na5 14.e5 f5 15.Qd3 Rb8
16.g4 g6 17.gxf5 gxf5 18.Nd5 exd5 19.Bxd5+ Kh8 20.Rg1 Bh4 21.b4 Nc6 22.Qxf5 Qd8
23.Qg4 Bg5 24.Qxg5 Qxg5 25.Rxg5 Nxb4 26.Bb2 Nxd5 27.e6+  1-0

[Event "GRE-ch 48th"]
[Site "Athens"]
[Date "1998.12.09"]
[Round "2"]
[White "Mastrovasilis, Dimitrios"]
[Black "Banikas, Hristos"]
[Result "1/2-1/2"]
[WhiteElo "2280"]
[BlackElo "2490"]

1.e4 c5 2.Nf3 Nc6 3.d4 cxd4 4.Nxd4 Qc7 5.Nc3 e6 6.Be2 a6 7.f4 b5 8.Nxc6 Qxc6
9.Bf3 Bb7 10.e5 Qb6 11.Ne4 Nh6 12.Qd3 Nf5 13.Bd2 d5 14.exd6 Rd8 15.O-O-O Bxd6
16.g4 Be7 17.Qe2 Nd4 18.Qe3 Qc7 19.Bc3 Nxf3 20.Rxd8+ Kxd8 21.Qxf3 Kc8 22.Re1 Rd8
23.Qe3 g6 24.Be5 Qc4 25.Nd2 Qc5 26.Nb3 Qxe3+ 27.Rxe3 f6 28.Rc3+ Kd7 29.Bd4 Bd5
30.Nc5+ Bxc5 31.Rxc5 Rf8 32.a4 Bc6 33.axb5 axb5 34.Kd2 h6 35.Rc3 g5 36.Rd3 Kc8
37.Bc5 Rf7  1/2-1/2